Clashes of knowledge (Record no. 950625)

MARC details
000 -LEADER
fixed length control field 00991nam a2200289Ia 4500
003 - CONTROL NUMBER IDENTIFIER
control field OSt
005 - DATE AND TIME OF LATEST TRANSACTION
control field 20221005042646.0
008 - FIXED-LENGTH DATA ELEMENTS--GENERAL INFORMATION
fixed length control field 221004b |||||||| |||| 00| 0 eng d
020 ## - INTERNATIONAL STANDARD BOOK NUMBER
International Standard Book Number 9781402055546 (hbk)
037 ## - SOURCE OF ACQUISITION
Terms of availability Textual
040 ## - CATALOGING SOURCE
Original cataloging agency CRL
Transcribing agency CRL
Language of cataloging eng
041 ## - LANGUAGE CODE
Source of code eng
Language code of text/sound track or separate title eng
100 ## - MAIN ENTRY--PERSONAL NAME
Personal name Meusburger Peter Ed.
9 (RLIN) 37583
245 #0 - TITLE STATEMENT
Title Clashes of knowledge
Remainder of title Orthodoxies and heterodoxies in science and religion
260 ## - PUBLICATION, DISTRIBUTION, ETC.
Place of publication, distribution, etc. Dordrecht
Name of publisher, distributor, etc. Springer The Netherlands
Date of publication, distribution, etc. 2008
300 ## - PHYSICAL DESCRIPTION
Extent viii,230p.
Dimensions cm.
490 ## - SERIES STATEMENT
Series statement Knowledge and space; 1
650 ## - SUBJECT ADDED ENTRY--TOPICAL TERM
Topical term or geographic name entry element SCIENCE
700 ## - ADDED ENTRY--PERSONAL NAME
Personal name Welker Michael Ed.
9 (RLIN) 590716
700 ## - ADDED ENTRY--PERSONAL NAME
Personal name Wunder Edgar Ed.
9 (RLIN) 590717
942 ## - ADDED ENTRY ELEMENTS (KOHA)
Classification part A0zQ, P8
Koha item type Textual
Source of classification or shelving scheme
Holdings
Withdrawn status Lost status Damaged status Not for loan Home library Current library Date acquired Source of acquisition Cost, normal purchase price Total Checkouts Full call number Barcode Date last seen Cost, replacement price Price effective from Koha item type
        Central Library Central Library 2022-10-05 8463, 31/03/2009, Elite Publishers Distributors 6455.65   A0zQ P8 CL1450685 2022-10-05 6455.65 2022-10-05 Textual
Copyright @ Delhi University Library System